[Event "Konnerud Tempo høstturnering 2024 A"]
[Site "Gruppe A"]
[Date "2024.08.14"]
[Round "1"]
[White "Ivanov, Dmitry N"]
[Black "Stokke, Jan"]
[Result "1-0"]
[WhiteElo "2151"]
[BlackElo "1898"]
[Annotator "haav-"]
[PlyCount "135"]
[GameId "2078606182207533"]
[EventDate "2024.??.??"]

1. e4 c6 2. d4 d5 3. e5 Bf5 4. h4 h6 5. Bd3 Bxd3 6. cxd3 e6 7. Nc3 Bb4 8. Qg4 Ne7 9. Nge2 Nf5 10. h5 Nd7 11. Ng3 Qb6 12. Be3 Nxe5 13. dxe5 Nxe3 14. fxe3 Qxe3+ 15. Nge2 Bxc3+ 16. bxc3 Qxe5 17. d4 Qg5 18. Qf3 O-O 19. Rh3 e5 20. Rg3 e4 21. Qg4 Qxg4 22. Rxg4 Rae8 23. Kd2 Re7 24. Rf1 f6 25. Ng3 Rd7 26. Nf5 Kh7 27. Rg3 b6 28. Ne3 Rc8 29. Rh3 b5 30. Rhh1 a6 31. g4 Rb8 32. Rb1 Rdb7 33. Rb3 a5 34. Rhb1 a4 35. R3b2 Rd7 36. Rf1 Rbb7 37. Kc1 Rbc7 38. Kb1 Rd8 39. Rb4 Kg8 40. Kb2 Kf7 41. Ka3 Re8 42. Rbb1 Ra8 43. Kb4 Ra6 44. Kc5 Re7 45. Rfe1 Rd7 46. Nc2 Rc7 47. Rf1 Ke6 48. Nb4 Ra8 49. Rf5 Rac8 50. Rbf1 Rh8 51. R1f2 Kd7 52. Rb2 Ke6 53. Nc2 Kd7 54. Ne3 Ke6 55. Ng2 Kd7 56. Nf4 Re8 57. Ng6 Kc8 58. Rbf2 Kb7 59. Rf1 Re6 60. a3 Re8 61. g5 hxg5 62. h6 gxh6 63. Rxf6 Rg8 64. Ne5 Rgg7 65. Rxh6 g4 66. Rh8 g3 67. Rff8 Rce7 68. Rb8+
1-0

[Event "Konnerud Tempo høstturnering 2024 A"]
[Site "Gruppe A"]
[Date "2024.08.14"]
[Round "1"]
[White "Simula, Leon"]
[Black "Vedeld, Steinar"]
[Result "1-0"]
[WhiteElo "2096"]
[BlackElo "1866"]
[Annotator "haav-"]
[PlyCount "77"]
[GameId "2078606409777232"]
[EventDate "2024.??.??"]

1. d4 Nf6 2. c4 e6 3. Nc3 Bb4 4. f3 c5 5. d5 d6 6. e4 Bxc3+ 7. bxc3 e5 8. Ne2 Nh5 9. Be3 f5 10. exf5 O-O 11. g4 Nf4 12. Nxf4 exf4 13. Bxf4 Re8+ 14. Kf2 Qf6 15. Qd2 Nd7 16. Re1 Rxe1 17. Qxe1 Ne5 18. Bxe5 dxe5 19. Bd3 Bd7 20. Qe3 b6 21. Kg3 Rf8 22. Re1 Re8 23. h4 h6 24. Rh1 Rf8 25. Kf2 Qd6 26. Qe4 Qf6 27. Ke2 a6 28. Kd1 b5 29. Qe3 Qd6 30. Re1 bxc4 31. Bxc4 Ba4+ 32. Kc1 Re8 33. g5 Qb6 34. Re2 Rb8 35. Qd3 Bb5 36. Bxb5 axb5 37. f6 c4 38. Qg6 Qa7 39. gxh6
1-0

[Event "Konnerud Tempo høstturnering 2024 A"]
[Site "Gruppe A"]
[Date "2024.08.14"]
[Round "1"]
[White "Juodziukynas, Aidas"]
[Black "Akerholt, Elias Engen"]
[Result "1-0"]
[WhiteElo "1878"]
[BlackElo "1899"]
[Annotator "haav-"]
[PlyCount "81"]
[GameId "2078606619160673"]
[EventDate "2024.??.??"]

1. d4 e6 2. c4 d5 3. Nf3 Nf6 4. Nc3 c5 5. e3 Nc6 6. Bd3 cxd4 7. exd4 h6 8. O-O Bd6 9. cxd5 Nxd5 10. Nxd5 Bxh2+ 11. Nxh2 Qxd5 12. Be3 O-O 13. Qf3 Qd6 14. Rad1 Kh8 15. Qh5 e5 16. dxe5 Qxe5 17. Qxe5 Nxe5 18. Bc5 Rd8 19. Be4 Be6 20. b3 Nd7 21. Be3 Rab8 22. Rd2 b6 23. Rfd1 Rbc8 24. Nf3 Re8 25. Bd3 Nf6 26. Bb5 Rf8 27. Nd4 Ne4 28. Rd3 Nc3 29. Rc1 Nxa2 30. Ra1 Nb4 31. Nxe6 fxe6 32. Rd7 a6 33. Bc4 Rc6 34. Bd4 Rg8 35. Re1 b5 36. Bxe6 Nc2 37. Bxg8 Nxe1 38. Bd5 Rc1 39. Rd8+ Kh7 40. Be4+ g6 41. Rh8#
1-0

[Event "Konnerud Tempo høstturnering 2024 A"]
[Site "Gruppe A"]
[Date "2024.08.14"]
[Round "1"]
[White "Aure, Anders Nilsson"]
[Black "Skjemstad, Frode"]
[Result "1/2-1/2"]
[WhiteElo "1944"]
[BlackElo "1940"]
[Annotator "haav-"]
[PlyCount "99"]
[GameId "2078606778228850"]
[EventDate "2024.??.??"]

1. c4 f5 2. d4 e6 3. Nf3 Bb4+ 4. Bd2 a5 5. g3 Nf6 6. Bg2 Ne4 7. Bxb4 axb4 8. O-O d5 9. Nbd2 Nc6 10. e3 O-O 11. Qb3 Kh8 12. a3 bxa3 13. Rxa3 Rxa3 14. Qxa3 Qe7 15. Qxe7 Nxe7 16. Nxe4 fxe4 17. Ne5 Nf5 18. Rc1 c6 19. Ra1 g5 20. Ra8 Kg7 21. cxd5 cxd5 22. Bf1 h5 23. Bb5 Nd6 24. Be2 Rh8 25. h3 h4 26. g4 Rh7 27. Ra3 Kf8 28. Rc3 Ke8 29. Kf1 Kd8 30. Ke1 Nf7 31. Nxf7+ Rxf7 32. Rc5 Rf8 33. Bb5 Rf3 34. Bf1 Bd7 35. Bg2 Rf8 36. Bf1 Be8 37. Be2 Rf7 38. Kf1 b6 39. Rc3 Ra7 40. Ra3 Ra5 41. Ke1 Kc7 42. Kd2 Kb7 43. Kc3 Rxa3+ 44. bxa3 Ba4 45. Kb4 Bd7 46. Bb5 Bc8 47. a4 Kc7 48. Kc3 Kd6 49. Kb4 Kc7 50. Kc3
1/2-1/2

[Event "Konnerud Tempo høstturnering 2024 A"]
[Site "Gruppe A"]
[Date "2024.08.14"]
[Round "2"]
[White "Kierulf, Villum Brevick"]
[Black "Ivanov, Dmitry N"]
[Result "1/2-1/2"]
[WhiteElo "1959"]
[BlackElo "2151"]
[Annotator "haav-"]
[PlyCount "111"]
[GameId "2081140207632478"]
[EventDate "2024.??.??"]

1. e4 g6 2. d4 Bg7 3. Nf3 d6 4. Be2 Nf6 5. Nc3 c5 6. dxc5 Qa5 7. O-O Qxc5 8. Be3 Qa5 9. h3 O-O 10. a3 a6 11. Qd2 Qc7 12. Bh6 Nbd7 13. Bxg7 Kxg7 14. Nd5 Nxd5 15. exd5 Nf6 16. Rfd1 Bd7 17. b3 a5 18. c4 Qb6 19. Qd4 Qxd4 20. Nxd4 Rfc8 21. f3 Nh5 22. Kf2 Nf4 23. Bf1 h5 24. Ke3 g5 25. h4 f6 26. hxg5 fxg5 27. g3 Ng6 28. Bd3 Ne5 29. f4 gxf4+ 30. gxf4 Nxd3 31. Kxd3 Kf6 32. Rh1 Rh8 33. Rag1 b6 34. Rg5 Bg4 35. Nc2 a4 36. b4 Bf5+ 37. Kc3 Rag8 38. Rxg8 Rxg8 39. Ne3 Rg3 40. Kd4 Bg4 41. Rh2 Rg1 42. Rg2 Ra1 43. Nxg4+ hxg4 44. Rxg4 Rxa3 45. Rg8 Rb3 46. b5 a3 47. Ra8 Kf5 48. Ra6 Kxf4 49. Rxb6 Kf5 50. Ra6 Kf6 51. Ra7 Kf7 52. Ra8 Kf6 53. b6 e5+ 54. dxe6 Kxe6 55. b7 Rxb7 56. Rxa3
1/2-1/2

[Event "Konnerud Tempo høstturnering 2024 A"]
[Site "Gruppe A"]
[Date "2024.08.14"]
[Round "2"]
[White "Stokke, Jan"]
[Black "Simula, Leon"]
[Result "1-0"]
[WhiteElo "1898"]
[BlackElo "2096"]
[Annotator "haav-"]
[PlyCount "77"]
[GameId "2081140012904525"]
[EventDate "2024.??.??"]

1. b4 e5 2. Bb2 e4 3. e3 Nf6 4. a3 d5 5. c4 c6 6. cxd5 cxd5 7. Bb5+ Bd7 8. Nc3 a5 9. Bxd7+ Nbxd7 10. Qb3 axb4 11. axb4 Rxa1+ 12. Bxa1 Qb6 13. Nxd5 Nxd5 14. Qxd5 Qxb4 15. Qa2 Nc5 16. Ne2 Nd3+ 17. Kf1 Be7 18. Bxg7 Rg8 19. Bc3 Qb6 20. g3 Rg5 21. Kg2 Rf5 22. Qa4+ Kf8 23. Nf4 Nc5 24. Qa8+ Bd8 25. Rb1 Qc7 26. Rb5 Ke8 27. Ba5 Qd7 28. Bb6 Rxf4 29. exf4 Ne6 30. Re5 e3 31. Bxe3 f6 32. Rh5 Kf8 33. Qa2 Kg7 34. Qd5 Qe7 35. Qf5 Kg8 36. Qg4+ Ng7 37. Rd5 f5 38. Qf3 Bc7 39. Rb5
1-0

[Event "Konnerud Tempo høstturnering 2024 A"]
[Site "Gruppe A"]
[Date "2024.08.14"]
[Round "2"]
[White "Vedeld, Steinar"]
[Black "Rørvik, Jon Fredrik T."]
[Result "0-1"]
[WhiteElo "1866"]
[BlackElo "2097"]
[Annotator "haav-"]
[PlyCount "78"]
[GameId "2086185760055387"]
[EventDate "2024.??.??"]

1. b3 e5 2. Bb2 Nc6 3. g3 d5 4. Bg2 Nf6 5. d3 Bd6 6. Nd2 Be6 7. e3 Qd7 8. a3 O-O 9. Qe2 Rfe8 10. h4 Nd8 11. e4 c5 12. Bh3 Nc6 13. Bxe6 Qxe6 14. h5 Nd4 15. Bxd4 exd4 16. O-O-O dxe4 17. Re1 e3 18. Ndf3 exf2 19. Qxf2 Qg4 20. Ne2 Re3 21. Ref1 Rae8 22. Nf4 Bxf4 23. gxf4 Qxf4 24. Kb2 Re2 25. Qg1 Qg4 26. Qxg4 Nxg4 27. Rhg1 Ne3 28. Rc1 h6 29. b4 b6 30. Kb3 Rf2 31. Nh4 Re5 32. Rg3 Rxh5 33. Rcg1 Rxh4 34. Rxg7+ Kf8 35. Rg8+ Ke7 36. Ra8 Rxc2 37. Rgg8 Rc3+ 38. Ka4 Nc2 39. Rxa7+ Ke6
0-1

[Event "Konnerud Tempo høstturnering 2024 A"]
[Site "Gruppe A"]
[Date "2024.08.14"]
[Round "2"]
[White "Lurdalen, Svein Erik"]
[Black "Juodziukynas, Aidas"]
[Result "1-0"]
[WhiteElo "1827"]
[BlackElo "1878"]
[Annotator "haav-"]
[PlyCount "115"]
[GameId "2086191040147513"]
[EventDate "2024.??.??"]

1. b4 b6 2. Bb2 Bb7 3. c4 e6 4. a3 Nf6 5. Nf3 d5 6. e3 Be7 7. d4 O-O 8. Be2 dxc4 9. Bxc4 c5 10. b5 Nbd7 11. O-O Qc7 12. Nbd2 Rfd8 13. Qe2 Rac8 14. Rac1 Qb8 15. Bd3 Qa8 16. Rfd1 cxd4 17. Nxd4 Nc5 18. Bb1 Na4 19. N2f3 Ne4 20. Bxe4 Bxe4 21. Ne5 Bf6 22. Rxc8 Qxc8 23. Rc1 Qb7 24. Nec6 Bxc6 25. bxc6 Qc8 26. c7 Rd7 27. Qb5 Nc5 28. Qe2 Rxc7 29. Nb5 Bxb2 30. Qxb2 Rd7 31. h3 Qd8 32. Qe2 Rd2 33. Qf3 a6 34. Nd4 h6 35. Nc6 Qf6 36. Qxf6 gxf6 37. Nb8 Rd6 38. a4 a5 39. Rc4 Kf8 40. Rh4 Ke7 41. Rxh6 Nxa4 42. Rh8 Nc5 43. h4 a4 44. Rc8 a3 45. Rc7+ Kf8 46. Ra7 Rd1+ 47. Kh2 Ra1 48. h5 a2 49. Nc6 b5 50. Nd8 Na4 51. Rxf7+ Kg8 52. h6 Rd1 53. Rg7+ Kf8 54. Nxe6+ Ke8 55. h7 Rh1+ 56. Kxh1 a1=Q+ 57. Kh2 Qe5+ 58. Nf4
1-0

[Event "Konnerud Tempo høstturnering 2024 A"]
[Site "Gruppe A"]
[Date "2024.08.14"]
[Round "2"]
[White "Akerholt, Elias Engen"]
[Black "Aure, Anders Nilsson"]
[Result "1/2-1/2"]
[WhiteElo "1899"]
[BlackElo "1944"]
[Annotator "haav-"]
[PlyCount "48"]
[GameId "2086176633041004"]
[EventDate "2024.??.??"]

1. d4 Nf6 2. Nf3 g6 3. Bf4 Bg7 4. e3 O-O 5. Bd3 d5 6. h3 c5 7. c3 Nc6 8. Nbd2 Nd7 9. O-O e5 10. dxe5 Ndxe5 11. Nxe5 Nxe5 12. Bxe5 Bxe5 13. Nf3 Bg7 14. Qd2 b6 15. Rad1 Bb7 16. Be2 Qe7 17. Rfe1 Rad8 18. Qc2 Qf6 19. Qa4 Qc6 20. Bb5 Qc7 21. Ba6 Bc6 22. Bb5 Bb7 23. Ba6 Bc6 24. Bb5 Bb7
1/2-1/2

[Event "Konnerud Tempo høstturnering 2024 A"]
[Site "Gruppe A"]
[Date "2024.08.14"]
[Round "3"]
[White "Juodziukynas, Aidas"]
[Black "Vedeld, Steinar"]
[Result "1-0"]
[WhiteElo "1878"]
[BlackElo "1866"]
[Annotator "haav-"]
[PlyCount "121"]
[GameId "2081139836678188"]
[EventDate "2024.??.??"]

1. d4 Nf6 2. c4 e6 3. Nf3 d5 4. g3 c6 5. Qc2 Bd6 6. Bg2 O-O 7. O-O Ne4 8. b3 Nd7 9. Bb2 f5 10. Nbd2 Ndf6 11. Ne5 Nxd2 12. Qxd2 Bxe5 13. dxe5 Ne4 14. Qc2 Qe7 15. a4 Rd8 16. Rad1 Ng5 17. a5 Nf7 18. Rd2 Bd7 19. Rfd1 b5 20. Rc1 Rac8 21. Rcd1 Be8 22. Qc3 h6 23. Qe3 Rb8 24. cxd5 cxd5 25. Rc2 Rbc8 26. Rdc1 Rxc2 27. Rxc2 Kh7 28. Qc5 Qxc5 29. Rxc5 d4 30. Bf1 Kg6 31. f4 Kh5 32. Rc7 g5 33. h3 gxf4 34. gxf4 Nh8 35. Bc1 Ng6 36. a6 Kh4 37. Kh2 Rd7 38. Rc8 Bf7 39. Bd2 Ne7 40. Rb8 Nd5 41. Rb7 Be8 42. Rxb5 Ne3 43. Bxe3 dxe3 44. Rb7 Rd2 45. Rxa7 Bb5 46. Rh7 Bxe2 47. Rxh6+ Bh5+ 48. Kg1 Rd1 49. Kg2 Rd2+ 50. Kg1 e2 51. Bxe2 Rxe2 52. a7 Kg3 53. Kf1 Bf3 54. Rg6+ Kxf4 55. a8=Q Bxa8 56. Kxe2 Kxe5 57. h4 f4 58. h5 Kf5 59. Rg1 e5 60. h6 e4 61. Ke1
1-0

[Event "Konnerud Tempo høstturnering 2024 A"]
[Site "Gruppe A"]
[Date "2024.08.14"]
[Round "3"]
[White "Aure, Anders Nilsson"]
[Black "Lurdalen, Svein Erik"]
[Result "0-1"]
[WhiteElo "1944"]
[BlackElo "1827"]
[Annotator "haav-"]
[PlyCount "38"]
[GameId "2083652048621793"]
[EventDate "2024.??.??"]

1. Nf3 Nc6 2. d4 e6 3. g3 Nf6 4. Bg2 d5 5. O-O Bd6 6. c4 O-O 7. Nc3 h6 8. a3 Bd7 9. Re1 dxc4 10. e4 e5 11. Nb5 a6 12. dxe5 Bxe5 13. Nxe5 Nxe5 14. Nc3 c6 15. f4 Nd3 16. Rf1 Qb6+ 17. Kh1 Nf2+ 18. Rxf2 Qxf2 19. e5 Bg4
0-1

[Event "Konnerud Tempo høstturnering 2024 A"]
[Site "Gruppe A"]
[Date "2024.08.14"]
[Round "3"]
[White "Simula, Leon"]
[Black "Kierulf, Villum Brevick"]
[Result "0-1"]
[WhiteElo "2096"]
[BlackElo "1959"]
[Annotator "haav-"]
[PlyCount "36"]
[GameId "2083651731050698"]
[EventDate "2024.??.??"]

1. b3 d5 2. Bb2 Bf5 3. e3 e6 4. f4 Nf6 5. Nf3 Be7 6. Be2 h5 7. O-O h4 8. Ne5 Nbd7 9. d3 Nxe5 10. fxe5 Nd7 11. c4 dxc4 12. bxc4 Nc5 13. d4 Ne4 14. Qb3 h3 15. g3 Bh4 16. gxh4 Rxh4 17. Bf3 Qg5+ 18. Kh1 Rg4
0-1

[Event "Konnerud Tempo høstturnering 2024 A"]
[Site "Gruppe A"]
[Date "2024.08.14"]
[Round "11"]
[White "Vedeld, Steinar"]
[Black "Ivanov, Dmitry N"]
[Result "0-1"]
[WhiteElo "1866"]
[BlackElo "2151"]
[Annotator "haav-"]
[PlyCount "142"]
[GameId "2083659910435292"]
[EventDate "2024.??.??"]

1. b3 g6 2. Bb2 Nf6 3. e4 d6 4. Nf3 Bg7 5. d3 O-O 6. c3 c5 7. Be2 Nc6 8. Nbd2 Nh5 9. g3 e5 10. Nh4 Nf6 11. Ng2 d5 12. Qc2 Bh3 13. O-O h5 14. Rfe1 d4 15. Rac1 Bh6 16. Rcd1 Rc8 17. c4 Kh7 18. Nf3 g5 19. a3 a5 20. Bc1 Rg8 21. Bf1 Qd7 22. Bd2 Rg6 23. Kh1 h4 24. Qc1 Bg4 25. Nxg5+ Bxg5 26. Bxg5 Bxd1 27. Bxf6 Rxf6 28. Qxd1 hxg3 29. fxg3 Rh6 30. Nh4 Ne7 31. Be2 Rg8 32. Bh5 f6 33. g4 Qd8 34. Rf1 Qf8 35. Qf3 Qg7 36. h3 Qg5 37. Qf2 Kg7 38. Kh2 Kf8 39. Kh1 Rgh8 40. Kh2 Kg7 41. Kh1 Ra8 42. a4 Ra6 43. Kh2 Rb6 44. Rb1 Rh8 45. Kh1 Rd8 46. Kh2 Qe3 47. Nf5+ Nxf5 48. Qxf5 Qg5 49. Kg3 Qxf5 50. gxf5 Kh6 51. Bg4 Rg8 52. Rb2 Rb4 53. Kf3 Rc8 54. Kg3 b5 55. axb5 a4 56. Bd1 Rg8+ 57. Kh2 axb3 58. Rxb3 Rxb3 59. Bxb3 Ra8 60. Kg3 Ra3 61. Bc2 Ra2 62. Bb3 Rd2 63. Ba4 Rxd3+ 64. Kf2 Rc3 65. b6 Rxc4 66. b7 Rb4 67. Bc6 c4 68. Ke2 Kg5 69. Kd2 Kh4 70. Bd5 Kxh3 71. Bxc4 Rxb7
0-1

[Event "Konnerud Tempo høstturnering 2024 A"]
[Site "Gruppe A"]
[Date "2024.08.14"]
[Round "3"]
[White "Rørvik, Jon Fredrik T."]
[Black "Stokke, Jan"]
[Result "1-0"]
[WhiteElo "2097"]
[BlackElo "1898"]
[Annotator "haav-"]
[PlyCount "99"]
[GameId "2083690987462690"]
[EventDate "2024.??.??"]

1. c4 c5 2. Nc3 Nc6 3. g3 Nf6 4. Bg2 g6 5. e4 d6 6. Nge2 Bg7 7. d3 O-O 8. h3 e5 9. O-O Be6 10. f4 Nd4 11. Nd5 Bxd5 12. cxd5 Qb6 13. fxe5 Nxe2+ 14. Qxe2 Nh5 15. Kh2 Bxe5 16. Bf4 f6 17. Rab1 Rac8 18. h4 Ng7 19. Be3 Qd8 20. b4 b6 21. bxc5 dxc5 22. Bh3 Rc7 23. Bf4 Qd6 24. Qe3 Bxf4 25. Qxf4 Ne8 26. Rf2 Kg7 27. Rbf1 Re7 28. Be6 Qxf4 29. gxf4 Nc7 30. f5 gxf5 31. Bxf5 Rd8 32. Rg2+ Kh6 33. Bg4 Ne8 34. Rf5 Re5 35. Rxe5 fxe5 36. Rf2 Nd6 37. Rf6+ Kg7 38. Re6 c4 39. dxc4 Nxc4 40. Re7+ Kf6 41. Rxh7 Ne3 42. Be6 Ra8 43. Kg3 Nc2 44. Kg4 Nd4 45. Rf7+ Kg6 46. h5+ Kh6 47. Bf5 Nxf5 48. Kxf5
1-0

[Event "Konnerud Tempo høstturnering 2024 A"]
[Site "Gruppe A"]
[Date "2024.08.14"]
[Round "3"]
[White "Skjemstad, Frode"]
[Black "Akerholt, Elias Engen"]
[Result "1-0"]
[WhiteElo "1940"]
[BlackElo "1899"]
[Annotator "haav-"]
[PlyCount "111"]
[GameId "2083691238867013"]
[EventDate "2024.??.??"]

1. c3 Nf6 2. Qc2 d5 3. d3 Bf5 4. f3 Nbd7 5. e4 Bg6 6. g4 h6 7. Be3 e6 8. Nd2 Bc5 9. Bxc5 Nxc5 10. O-O-O Qe7 11. Ne2 O-O-O 12. Nd4 Kb8 13. b4 Ncd7 14. Qb2 Rc8 15. b5 Nc5 16. Nc6+ bxc6 17. d4 Na4 18. Qb3 Nb6 19. e5 Nxg4 20. fxg4 cxb5 21. Bxb5 c5 22. Nf3 Be4 23. Rhf1 c4 24. Qb2 Qb7 25. Qa3 Nd7 26. Rd2 Ka8 27. Rb2 Qc7 28. Nd2 Bg6 29. Qa6 Nb8 30. Qa3 Nc6 31. Qa4 Rhf8 32. Nf3 Be4 33. Ne1 f5 34. exf6 Rxf6 35. Rbf2 Rxf2 36. Rxf2 Nb8 37. Be8 Nc6 38. Rf7 Qb6 39. Bxc6+ Rxc6 40. Rxa7+ Qxa7 41. Qxc6+ Qb7 42. Qa4+ Kb8 43. Nc2 Kc7 44. Nb4 Kd6 45. Qe8 Qd7 46. Qf8+ Qe7 47. Qb8+ Qc7 48. Qb5 Ke7 49. Nc6+ Kf6 50. Ne5 Kg5 51. a4 Qe7 52. Qb2 Qf8 53. Qd2+ Kh4 54. Qe1+ Kg5 55. h4+ Kf6 56. Nd7+
1-0

[Event "Konnerud Tempo høstturnering 2024 A"]
[Site "Gruppe A"]
[Date "2024.08.14"]
[Round "4"]
[White "Ivanov, Dmitry N"]
[Black "Simula, Leon"]
[Result "1-0"]
[WhiteElo "2151"]
[BlackElo "2096"]
[Annotator "haav-"]
[PlyCount "69"]
[GameId "2086185511755831"]
[EventDate "2024.??.??"]

1. e4 c5 2. c3 Nf6 3. e5 Nd5 4. Nf3 e6 5. d4 cxd4 6. cxd4 b6 7. Bc4 Bb7 8. O-O Be7 9. Bxd5 Bxd5 10. Nc3 Bc4 11. Re1 O-O 12. Qa4 Bd3 13. d5 d6 14. Bf4 Nd7 15. exd6 Bf6 16. Rad1 Bg6 17. Qa3 Rc8 18. Ne5 Bxe5 19. Bxe5 Re8 20. dxe6 Rxe6 21. Bg3 a5 22. Nd5 Rc5 23. Nc7 Rxe1+ 24. Rxe1 h5 25. h3 Qf6 26. b4 axb4 27. Qa8+ Kh7 28. Nd5 Qd4 29. Re8 Be4 30. Rh8+ Kg6 31. Nf4+ Kf5 32. Rxh5+ g5 33. Qg8 Qf6 34. h4 Kg4 35. Kh2
1-0

[Event "Konnerud Tempo høstturnering 2024 A"]
[Site "Gruppe A"]
[Date "2024.08.14"]
[Round "4"]
[White "Stokke, Jan"]
[Black "Juodziukynas, Aidas"]
[Result "1/2-1/2"]
[WhiteElo "1898"]
[BlackElo "1878"]
[Annotator "haav-"]
[PlyCount "76"]
[GameId "2088722559553730"]
[EventDate "2024.??.??"]

1. Nf3 Nf6 2. c4 e6 3. Nc3 d5 4. e3 c5 5. d4 Nc6 6. a3 Be7 7. dxc5 Bxc5 8. b4 Bd6 9. Bb2 O-O 10. Be2 dxc4 11. Bxc4 Qe7 12. O-O b6 13. Qe2 Bb7 14. Rac1 Rac8 15. Rfd1 Rfd8 16. h3 a5 17. b5 Ne5 18. Nxe5 Bxe5 19. Rxd8+ Qxd8 20. Bd3 Qe7 21. Na2 Rxc1+ 22. Nxc1 Bxb2 23. Qxb2 Qc5 24. Ne2 Qg5 25. Ng3 Nh5 26. Be4 Bxe4 27. Nxe4 Qd5 28. Qc2 h6 29. Qc6 Qa2 30. Qe8+ Kh7 31. Qxf7 Qb1+ 32. Kh2 Qxe4 33. Qxh5 Qa4 34. Qe5 Qxa3 35. Qe4+ Kh8 36. Qa8+ Kh7 37. Qe4+ Kh8 38. Qa8+ Kh7
1/2-1/2

[Event "Konnerud Tempo høstturnering 2024 A"]
[Site "Gruppe A"]
[Date "2024.08.14"]
[Round "4"]
[White "Lurdalen, Svein Erik"]
[Black "Skjemstad, Frode"]
[Result "0-1"]
[WhiteElo "1827"]
[BlackElo "1940"]
[Annotator "haav-"]
[PlyCount "94"]
[GameId "2088721937113145"]
[EventDate "2024.??.??"]

1. e4 e5 2. Nf3 Nc6 3. d4 exd4 4. Nxd4 Nxd4 5. Qxd4 Qf6 6. Be3 Qxd4 7. Bxd4 Ne7 8. Nc3 Nc6 9. O-O-O Nxd4 10. Rxd4 c6 11. e5 Bc5 12. Rd2 Bb4 13. Bc4 Bxc3 14. bxc3 b5 15. Be2 O-O 16. Bg4 d5 17. h3 g6 18. f4 h5 19. Be2 h4 20. Bd3 Re8 21. g3 hxg3 22. Rg2 Kf8 23. Rxg3 Ke7 24. h4 Rh8 25. Rg5 Be6 26. h5 Rh6 27. Kd2 Rah8 28. Be2 f6 29. exf6+ Kxf6 30. Ke3 Bf7 31. Kd4 gxh5 32. Kc5 Be8 33. Bd3 h4 34. Rf5+ Ke7 35. Re5+ Re6 36. Rg5 h3 37. f5 Rf6 38. Rg7+ Bf7 39. Rh2 Rh4 40. Rg3 Ra4 41. Rhxh3 Rxa2 42. Rh8 Ra3 43. Re3+ Kd7 44. Ra8 Ra4 45. Rh3 d4 46. Rh7 Kc7 47. Rf8 Rxf5+
0-1

[Event "Konnerud Tempo høstturnering 2024 A"]
[Site "Gruppe A"]
[Date "2024.08.14"]
[Round "7"]
[White "Aure, Anders Nilsson"]
[Black "Ivanov, Dmitry N"]
[Result "1/2-1/2"]
[WhiteElo "1944"]
[BlackElo "2151"]
[Annotator "haav-"]
[PlyCount "149"]
[GameId "2088727789191225"]
[EventDate "2024.??.??"]

1. c4 g6 2. Nc3 Bg7 3. g3 c5 4. Bg2 Nc6 5. e4 d6 6. Nge2 e6 7. O-O Nge7 8. d3 Nd4 9. Rb1 Nec6 10. a3 O-O 11. b4 Rb8 12. h3 b6 13. Kh2 Bb7 14. f4 Nxe2 15. Nxe2 Nd4 16. Nxd4 Bxd4 17. Bb2 Qf6 18. Qd2 Bxb2 19. Qxb2 Qxb2 20. Rxb2 Rfd8 21. f5 Bc8 22. fxe6 Bxe6 23. g4 g5 24. Ra1 Kg7 25. Kg3 Kf6 26. Kf2 Rh8 27. Ke3 h5 28. Rf1+ Ke7 29. Bf3 hxg4 30. Bxg4 Bxg4 31. hxg4 Rh4 32. Rbf2 Rf8 33. Rg2 Rfh8 34. Kd2 Ke6 35. Kc3 Rh2 36. Rgf2 Rxf2 37. Rxf2 Rh1 38. Rg2 Ke5 39. Rf2 f6 40. bxc5 dxc5 41. Rf5+ Ke6 42. e5 fxe5 43. Rxg5 Rh3 44. Rh5 Rg3 45. Rh6+ Kf7 46. Rh7+ Ke8 47. Rh5 Kd7 48. Rxe5 Rxg4 49. Rh5 a5 50. Rd5+ Kc6 51. a4 Rg1 52. Kb3 Rb1+ 53. Ka2 Rd1 54. Kb3 Kc7 55. Kb2 Rd2+ 56. Kb3 Re2 57. Ka3 Re6 58. Kb3 Kc6 59. Kc3 Re1 60. Kb2 Rd1 61. Rd8 Kb7 62. Rd7+ Kc8 63. Rd6 Kc7 64. Rd5 Rf1 65. Kc2 Ra1 66. Kb3 Rb1+ 67. Ka2 Rb4 68. Ka3 Kc8 69. Rd6 Kb7 70. Rd7+ Kb8 71. Rd8+ Kb7 72. Rd7+ Kc8 73. Rd6 Kc7 74. Rd5 Rb1 75. Ka2
1/2-1/2

[Event "Konnerud Tempo høstturnering 2024 A"]
[Site "Gruppe A"]
[Date "2024.08.14"]
[Round "7"]
[White "Rørvik, Jon Fredrik T."]
[Black "Berget, Eirik"]
[Result "1/2-1/2"]
[WhiteElo "2097"]
[BlackElo "2020"]
[Annotator "haav-"]
[PlyCount "41"]
[GameId "2096321116037189"]
[EventDate "2024.??.??"]

1. c4 e5 2. Nc3 Nf6 3. g3 d5 4. cxd5 Nxd5 5. Bg2 Be6 6. Nf3 Nc6 7. d3 Be7 8. O-O O-O 9. Bd2 Qd7 10. Re1 h6 11. a3 Rad8 12. b4 a6 13. Rc1 f5 14. Nxd5 Bxd5 15. Bc3 Qe6 16. Qc2 e4 17. Nd4 Nxd4 18. Bxd4 Bc6 19. Qb2 Bg5 20. e3 Bf6 21. Bxf6
1/2-1/2

[Event "Konnerud Tempo høstturnering 2024 A"]
[Site "Gruppe A"]
[Date "2024.08.14"]
[Round "7"]
[White "Akerholt, Elias Engen"]
[Black "Stokke, Jan"]
[Result "1/2-1/2"]
[WhiteElo "1899"]
[BlackElo "1898"]
[Annotator "haav-"]
[PlyCount "99"]
[GameId "2106511589548157"]
[EventDate "2024.??.??"]

1. c4 c5 2. g3 Nc6 3. Bg2 g6 4. Nc3 Bg7 5. d3 Nf6 6. Nf3 O-O 7. O-O d6 8. Bd2 Bd7 9. e3 Rc8 10. Rc1 e5 11. Nb5 Bf5 12. Bc3 a6 13. Na3 Qd7 14. Re1 Rfe8 15. e4 Bg4 16. Nc2 Bh6 17. Bd2 Bxd2 18. Qxd2 Kg7 19. Nh4 b5 20. Re3 bxc4 21. dxc4 Nd4 22. f3 Be6 23. Bf1 Rb8 24. Ne1 Qb7 25. b3 Qb6 26. Nd3 a5 27. Nb2 Bd7 28. Be2 Qb4 29. Qxb4 axb4 30. Bd1 Ra8 31. Na4 Ra6 32. Ng2 Bc6 33. Ne1 Nd7 34. Nd3 Nb6 35. Ndb2 Nxa4 36. Nxa4 f6 37. Ra1 Bxa4 38. bxa4 Rb8 39. Kf2 g5 40. Bb3 h6 41. Rh1 Rh8 42. h4 Raa8 43. Ree1 Kf7 44. Rh2 Kg7 45. Reh1 Nc6 46. Ke3 Rae8 47. Rd1 Nd4 48. Rdh1 Nc6 49. Rd1 Nd4 50. Rdh1
1/2-1/2

[Event "Konnerud Tempo høstturnering 2024 A"]
[Site "Gruppe A"]
[Date "2024.08.14"]
[Round "7"]
[White "Lurdalen, Svein Erik"]
[Black "Vedeld, Steinar"]
[Result "1/2-1/2"]
[WhiteElo "1827"]
[BlackElo "1866"]
[Annotator "haav-"]
[PlyCount "147"]
[GameId "2096340224421924"]
[EventDate "2024.??.??"]

1. f4 d5 2. Nf3 Nf6 3. e3 e6 4. b3 c5 5. Bb2 Nc6 6. d3 Bd6 7. g3 Qc7 8. Bg2 b6 9. Nc3 a6 10. Ne2 Bb7 11. O-O h6 12. Bxf6 gxf6 13. d4 Ne7 14. Qd2 h5 15. Nh4 Ng6 16. Nxg6 fxg6 17. Qd3 f5 18. h4 Kf7 19. Kh2 Rhc8 20. c3 Be7 21. Rfc1 c4 22. bxc4 dxc4 23. Qd1 Bxg2 24. Kxg2 Qc6+ 25. Kf2 b5 26. Ng1 a5 27. Nf3 Bf6 28. Nd2 Rc7 29. Qf3 Qxf3+ 30. Kxf3 Rb8 31. Rab1 Rbb7 32. Rc2 Be7 33. e4 Bd6 34. Ke3 Be7 35. Nf3 Bf6 36. Ne5+ Bxe5 37. fxe5 Rc8 38. a3 Rg8 39. Rcb2 Rgb8 40. d5 Ke7 41. d6+ Kd7 42. Kf4 Kc6 43. Rd2 Rf8 44. d7 Rxd7 45. Rxd7 Kxd7 46. Rxb5 fxe4+ 47. Kxe4 Rf1 48. Rxa5 Rg1 49. Ra7+ Kc6 50. Ra6+ Kd7 51. Rd6+ Ke7 52. Rc6 Rxg3 53. Rxc4 Rg4+ 54. Kd3 Rxc4 55. Kxc4 g5 56. Kd4 gxh4 57. Ke4 Kd7 58. Kf3 Kc6 59. Kg2 Kd5 60. Kh3 Kxe5 61. Kxh4 Kd5 62. Kxh5 Kc4 63. a4 e5 64. Kg4 e4 65. Kf4 Kd3 66. a5 e3 67. a6 e2 68. a7 e1=Q 69. a8=Q Qh4+ 70. Ke5 Qg3+ 71. Ke6 Qg4+ 72. Kd6 Qf4+ 73. Kd7 Qf5+ 74. Kc7
1/2-1/2

[Event "Konnerud Tempo høstturnering 2024 A"]
[Site "Gruppe A"]
[Date "2024.08.14"]
[Round "8"]
[White "Kierulf, Villum Brevick"]
[Black "Akerholt, Elias Engen"]
[Result "1-0"]
[WhiteElo "1959"]
[BlackElo "1899"]
[Annotator "haav-"]
[PlyCount "127"]
[GameId "2098881053229165"]
[EventDate "2024.??.??"]

1. e4 e6 2. d4 d5 3. exd5 exd5 4. Nf3 Bd6 5. c4 dxc4 6. Bxc4 Qe7+ 7. Be3 Nf6 8. O-O Bg4 9. Nc3 a6 10. Bg5 O-O 11. Nd5 Qd8 12. Nxf6+ gxf6 13. Bh6 Re8 14. Qb3 Re7 15. Qxb7 Nd7 16. Qb3 Nb6 17. Bd3 Qd7 18. Bc2 Nd5 19. Qd3 f5 20. a3 Re6 21. Bd2 Nf4 22. Bxf4 Bxf4 23. h3 Rh6 24. Ne5 Qd6 25. Nxg4 fxg4 26. g3 Rxh3 27. Qf5 Qh6 28. Qxh7+ Qxh7 29. Bxh7+ Kxh7 30. gxf4 Rf3 31. Rac1 Ra7 32. Rfe1 Rxf4 33. Re7 Kg6 34. Rexc7 Rxc7 35. Rxc7 Rxd4 36. Rc6+ Kf5 37. Rxa6 Ke4 38. Rf6 Rd7 39. Kg2 Ke5 40. Rb6 f5 41. Rb5+ Ke4 42. Rb4+ Ke5 43. Rb8 Ra7 44. Kg3 Rh7 45. Rb5+ Ke4 46. Rb4+ Ke5 47. a4 Rh3+ 48. Kg2 Kd6 49. a5 Kc6 50. a6 Rh8 51. a7 Ra8 52. Ra4 Kb5 53. Rf4 Rxa7 54. Rxf5+ Kc6 55. Rf4 Rb7 56. b4 Rg7 57. Kg3 Kb5 58. Rxg4 Rxg4+ 59. Kxg4 Kxb4 60. f4 Kc5 61. Kg5 Kd6 62. Kg6 Ke7 63. f5 Kf8 64. Kf6
1-0